000
00349nam a2200133Ia 4500
008
151001s9999||||xx |||||||||||||| ||und||
100
_a
सुमती कुकडे
245
_a
उन्हाळ्याच खाण पिण
250
_a
1
260
_b
मधुराज
260
_c
2001
300
_a
16
365
_b
21
999
_c
983724
_d
983721